| 000 | 01847nam a2200505 i 4500 | ||
|---|---|---|---|
| 001 | 53300 | ||
| 003 | ES-MaCES | ||
| 005 | 20251115040006.0 | ||
| 008 | 240805s2024 sp 000 | spa d | ||
| 017 |
_aV 194-2024 _bDL |
||
| 020 | _a9788411975384 | ||
| 040 |
_aES-MaCES _bspa _cES-MaCES |
||
| 245 | 0 | 0 |
_aAvanzando en transiciones justas en la Unión Europea _b: el trabajo decente como motor de cambio (ATJUE) : materiales para el estudio _cdirs., Susana Rodríguez Escanciano, Henar Álvarez Cuesta ; coord., Francisco Xabiere Gómez García |
| 260 |
_aValencia _bTirant lo Blanch _c2024 |
||
| 300 |
_a512 p. _c22 cm |
||
| 490 | 1 | _aMonografías Maior | |
| 504 | _aBibliografía | ||
| 541 | 0 | _cCompra | |
| 650 | 4 |
_aUE _926752 |
|
| 650 | 4 |
_apolítica comunitaria _930776 |
|
| 650 | 4 |
_aderecho comunitario _929866 |
|
| 650 | 4 |
_aempleo _928299 |
|
| 650 | 4 |
_aprotección social _929076 |
|
| 650 | 4 |
_apolítica de empleo _928300 |
|
| 650 | 4 |
_acondiciones de trabajo _928327 |
|
| 650 | 4 |
_arelaciones laborales _928369 |
|
| 650 | 4 |
_asalario mínimo _928382 |
|
| 650 | 4 |
_aigualdad de oportunidades en el empleo _930649 |
|
| 650 | 4 |
_acuidados de larga duración _930677 |
|
| 650 | 4 |
_aresponsabilidades familiares _930598 |
|
| 650 | 4 |
_acambio climático _930961 |
|
| 650 | 4 |
_adesarrollo sostenible _930785 |
|
| 650 | 4 |
_acreación de empleos _929242 |
|
| 650 | 4 |
_aeconomía colaborativa _937923 |
|
| 650 | 4 |
_acambio tecnológico _928236 |
|
| 650 | 4 |
_afuturo del trabajo _930756 |
|
| 650 | 4 |
_aEspaña _926964 |
|
| 653 | 1 | 0 | _aRelaciones laborales-Empleo |
| 700 | 1 |
_aRodríguez Escanciano, Susana _922329 _edir. |
|
| 700 | 1 |
_96119 _aÁlvarez Cuesta, Henar _edir. |
|
| 700 | 1 |
_941128 _aGómez García, Francisco Xabiere _ecol. |
|
| 830 | 0 |
_aMonografías Maior (Tirant) _941108 |
|
| 902 | _aLIB Libro | ||
| 942 |
_2CES _cBK _h2.0. |
||
| 999 |
_c53300 _d53300 |
||